00412nam a2200193Ia 4500003000900000008004100009040001300050040001300063041000800076100001900084245004000103250000900143260000800152260000900160300001100169300001000180490002200190490000600212IT-RoPAU120407s9999 xx 000 0 und d aIT-RoPAU cIT-RoPAU aita aLucien Cerfaux aIl cristiano nella teologia paolina aRoma aAve c1969 a651 p. c21 cm aTeologia oggi, 11 v1